| 000 | 00436nam a22001577a 4500 | ||
|---|---|---|---|
| 020 | _a0824787161 | ||
| 040 | _cNust | ||
| 082 |
_a628.4 _bHAN |
||
| 100 |
_aLawrence K. Wang _9126157 |
||
| 110 |
_aMu Hao Sung Wang _9126158 |
||
| 245 | _aHandbook of Industrial Waste Treatment | ||
| 250 | _aVolume 1 | ||
| 260 |
_aNew York: _bMarcel Decker Inc, _c1992. |
||
| 650 |
_aHandbook of Industrial Waste Treatment _9126159 |
||
| 942 |
_2ddc _cBK |
||
| 999 |
_c611926 _d611926 |
||